Para un cordero Blanco
Guardat en:
| Autor principal: | |
|---|---|
| Format: | Llibre |
| Idioma: | Undetermined |
| Publicat: |
La Habana, Cuba
Casa de las Américas
1984
|
| Matèries: | |
| Etiquetes: |
Afegir etiqueta
Sense etiquetes, Sigues el primer a etiquetar aquest registre!
|
MARC
| LEADER | 00000nam a2200000Ia 4500 | ||
|---|---|---|---|
| 008 | 170316s9999 xx 000 0 und d | ||
| 040 | |a cru BVZT | ||
| 090 | |a 860 R-21p | ||
| 100 | |a Rodríguez, Reina María | ||
| 245 | |a Para un cordero Blanco | ||
| 260 | |a La Habana, Cuba | ||
| 260 | |b Casa de las Américas | ||
| 260 | |c 1984 | ||
| 300 | |a 93 páginas | ||
| 650 | |a LITERATURA LATINOAMERICANA | ||
| 999 | |c 9147 |d 9147 | ||
| 942 | |c 15 D |h 860 R-21p |2 z | ||
